000 00290nam a22001337a 4500
008 181023b xxu||||| |||| 00| 0 eng d
020 _a9780155066816
041 _aeng
080 _22 ED
_a370
100 _a39
101 _aEDU
245 _aCollege Reading
_cMaker.J
942 _2udc
_cBK
999 _c50693
_d50693